000 00498nam a2200181 i 4500
001 65775
003 ES-MaACL
005 20251019063044.0
007 t|
008 040121s1970 mx ||||1| spa d
100 1 _aFuentes, Carlos,
_d1928-2012
_9242378
245 1 0 _aCasa con dos puertas /
_cCarlos Fuentes.
250 _a[1ª ed.].
260 _a[México :
_bJoaquín Mortiz,
_c1970]
300 _a292 p. ;
_c21 cm.
852 _aES-MaACL
_jA-5678
_bR.94164
999 _c65775
_d65775